Basements for housing (Record no. 120840)

MARC details
000 -LEADER
fixed length control field 01409cad a22002535a 4500
001 - CONTROL NUMBER
control field L149581
008 - FIXED-LENGTH DATA ELEMENTS--GENERAL INFORMATION
fixed length control field 100323u2010 xxk g 000 0 eng d
020 ## - INTERNATIONAL STANDARD BOOK NUMBER
International Standard Book Number 9781904818946
035 ## - SYSTEM CONTROL NUMBER
System control number (Sirsi) u149581
041 0# - LANGUAGE CODE
Language code of text/sound track or separate title eng
050 ## - LIBRARY OF CONGRESS CALL NUMBER
Classification number 690 $2 18
110 2# - MAIN ENTRY--CORPORATE NAME
Corporate name or jurisdiction name as entry element MPA
Subordinate unit The Concrete Centre
9 (RLIN) 5832
245 00 - TITLE STATEMENT
Title Basements for housing
Remainder of title benefits and solutions for sustainable housing
260 ## - PUBLICATION, DISTRIBUTION, ETC.
Place of publication, distribution, etc. Camberley
Name of publisher, distributor, etc. MPA
Date of publication, distribution, etc. 2010
520 ## - SUMMARY, ETC.
Summary, etc. Considers basements as a practical solution for sustainable housing in the UK and the key issues for each stage of the design and construction process for single-storey basements in domestic housing; refers to the recently revised Code of Practice for protection of below-ground structures against water from the ground (BS 8102); types of basements, benefits, compliance with and credits for the Code for Sustainable Homes; waterproofing, concrete construction, design principles, daylight, ventilation, drainage, costs, building legislation, Party Wall Act, and further reading.
590 ## - LOCAL NOTE (RLIN)
Local note KA
590 ## - LOCAL NOTE (RLIN)
Local note NTK
650 24 - SUBJECT ADDED ENTRY--TOPICAL TERM
Topical term or geographic name entry element CODE FOR SUSTAINABLE HOMES
650 24 - SUBJECT ADDED ENTRY--TOPICAL TERM
Topical term or geographic name entry element CODE OF PRACTICE
651 #4 - SUBJECT ADDED ENTRY--GEOGRAPHIC NAME
Geographic name United Kingdom
Chronological subdivision
690 ## - LOCAL SUBJECT ADDED ENTRY--TOPICAL TERM (OCLC, RLIN)
Topical term or geographic name as entry element BUILT ENVIRONMENT-CONSTRUCTION DESIGN
856 40 - ELECTRONIC LOCATION AND ACCESS
Uniform Resource Identifier <a href="https://www.concretecentre.com/online_services/publication_library/publication_details.aspx?PublicationId=706">https://www.concretecentre.com/online_services/publication_library/publication_details.aspx?PublicationId=706</a>
Public note View this item free of charge at www.concretecentre.com
942 ## - ADDED ENTRY ELEMENTS (KOHA)
Suppress in OPAC 0
Holdings
Withdrawn status Lost status Source of classification or shelving scheme Damaged status Not for loan Home library Current library Shelving location Date acquired Total Checkouts Full call number Barcode Date last seen Copy number Price effective from Koha item type
    Dewey Decimal Classification     Virtual Virtual Online 23/03/2010   ONLINE PUBLICATION 149581-1001 06/08/2019 1 06/08/2019 Book